| 000 | 00606nam a2200253Ia 4500 | ||
|---|---|---|---|
| 008 | 181129s9999 xx 000 0 und d | ||
| 020 | _a9780531212080 | ||
| 050 | _a323 | ||
| 050 | _bG822 2014 | ||
| 100 | _aGregory, Josh | ||
| 245 | 0 | _aMartin Luther King Jr. | |
| 245 | 0 | _cby Josh Gregory. | |
| 260 | _aNew York, NY : | ||
| 260 | _bChildren's Press, | ||
| 260 | _c2014 | ||
| 300 | _a48 pages : | ||
| 300 | _bcolor illustrations ; | ||
| 300 | _c21cm. | ||
| 440 | _aA true book. | ||
| 500 | _a950L | ||
| 650 | _aAfrican Americans -- Biography. | ||
| 700 | _aSeries. | ||
| 700 | _aTitle. | ||
| 999 |
_c360033 _d360033 |
||